000 00415nam a2200169Ia 4500
001 22124
003 IN-NITTTR
005 20251114233250.0
008 251113s9999||||xx |||||||||||||| ||eng||
040 _beng
040 _cIN-NITTTR
041 _aeng
082 _a659 S24D
100 _aStansfield, Richard H.
245 0 _aDartnell advertising manager's handbook. /
_cStansfield, Richard H.
942 _2ddc
_cBK
999 _c24753
_d24753